| 000 | 00000nam##2200000za#4500 |
| 001 | 9.570982 |
| 003 | CaOODSP |
| 005 | 20210624182513 |
| 007 | cr ||||||||||| |
| 008 | 150406|2003||||xxc|||||o f|0| 0 eng|d |
| 040 | |aCaOODSP|beng |
| 043 | |an-cn--- |
| 086 | 1 |aYC23-0/372-6E-PDF |
| 110 | 1 |aCanada. |bParliament. |bSenate. |bStanding Committee on Foreign Affairs and International Trade. |
| 245 | 14|aThe rising dollar : |h[electronic resource]|bexplanation and economic impacts (volume 2) / |cThe Honourable Peter Stollery, chair ; the Honourable Consiglio Di Nino, deputy chair. |
| 246 | 3 |aReport of the Standing Senate Committee on Foreign Affairs |
| 260 | |aOttawa - Ontario : |bSenate. |cNovember 2003. |
| 300 | |a51p.|bgraphs, references |
| 490 | 1 |aReport of the Standing Senate Committee on Foreign Affairs and International Trade|v[37th Parliament, 2nd Session, 6th report] |
| 500 | |aFor Vol. 1, see YC23-0/371-4E-PDF. For Vol. 3, see YC23-0/373-3E-PDF. |
| 590 | |a11-12-Supp|b2011-07-29 |
| 775 | 08|tLe dollar à la hausse : |w(CaOODSP)9.601625 |
| 830 | #0|aReport of the Standing Senate Committee on Foreign Affairs and International Trade ;|v[37th Parliament, 2nd Session, 6th report]|w(CaOODSP)9.505254 |
| 856 | 40|ahttp://publications.gc.ca|qPDF|s627 KB|uhttps://publications.gc.ca/collections/collection_2011/sen/yc23-0/YC23-0-372-6-eng.pdf|y[37th Parliament, 2nd Session, 6th report] |